Dante / (Record no. 9041)
[ view plain ]
| 000 -LEADER | |
|---|---|
| fixed length control field | 00935cam a2200313 a 4500 |
| 001 - CONTROL NUMBER | |
| JCCL Control Number | 9041 |
| 003 - CONTROL NUMBER IDENTIFIER | |
| JCCL marc code | BD - JhCC |
| 005 - DATE AND TIME OF LATEST TRANSACTION | |
| control field | 20221025134021.0 |
| 008 - FIXED-LENGTH DATA ELEMENTS--GENERAL INFORMATION | |
| fixed length control field | 880808s1966 enk 001 0 eng d |
| 035 ## - SYSTEM CONTROL NUMBER | |
| system control number | (BD - JhCC)9041 |
| 035 ## - SYSTEM CONTROL NUMBER | |
| system control number | DX155861=U |
| 040 ## - CATALOGING SOURCE | |
| Original cataloging agency | VA |
| Transcribing agency | VA |
| Modifying agency | UkOxU |
| -- | BD - JhCC |
| 041 ## - LANGUAGE CODE | |
| Language code of Book | eng |
| 082 ## - DEWEY DECIMAL CLASSIFICATION NUMBER | |
| Author mark and Year | FER 1966 |
| Classification number | 851.1 |
| 099 #2 - LOCAL FREE-TEXT CALL NUMBER | |
| Classification number | *ML ID - 7 - G6 |
| 099 #2 - LOCAL FREE-TEXT CALL NUMBER | |
| Classification number | *ML ID - 8D - G6 |
| 100 1# - MAIN ENTRY--PERSONAL NAME | |
| Personal name | Fergusson, Francis. |
| 245 10 - TITLE STATEMENT | |
| Title | Dante / |
| Statement of responsibility, etc | Francis Fergusson. |
| 260 ## - PUBLICATION, DISTRIBUTION, ETC. (IMPRINT) | |
| Place of publication, distribution, etc | London : |
| Name of publisher, distributor, etc | Weidenfeld & Nicolson, |
| Date of publication, distribution, etc | 1966. |
| 300 ## - PHYSICAL DESCRIPTION | |
| Pagination | x, 214 p. ; |
| Dimensions | 22 cm. |
| 490 1# - SERIES STATEMENT | |
| Series statement | Masters of world literature |
| 500 ## - GENERAL NOTE | |
| General note | Index: p. [209]-214. |
| 504 ## - BIBLIOGRAPHY, ETC. NOTE | |
| Bibliography, etc | Bibliography: p. [201]-208. |
| 600 00 - SUBJECT ADDED ENTRY--PERSONAL NAME | |
| Personal name | Dante Alighieri, |
| Dates associated with a name | 1265-1321. |
| 600 00 - SUBJECT ADDED ENTRY--PERSONAL NAME | |
| Personal name | Dante Alighieri, |
| Dates associated with a name | 1265-1321. |
| Title of a work | Divina commedia. |
| 830 #0 - SERIES ADDED ENTRY--UNIFORM TITLE | |
| Uniform title | Masters of world literature. |
| 942 ## - ADDED ENTRY ELEMENTS (KOHA) | |
| Source of classification or shelving scheme | Dewey Decimal Classification |
| Koha item type | Books |
| Koha issues (borrowed), all copies | 1 |
| Source of classification or shelving scheme | Damaged status | Not for loan | Home library | Current library | Shelving location | Date of accession | Total Checkouts | Full call number | Barcode | Checked out | Date last seen | Date checked out | Copy number | Koha item type |
|---|---|---|---|---|---|---|---|---|---|---|---|---|---|---|
| Dewey Decimal Classification | JCC Rouf Library | JCC Rouf Library | General Stacks | 02/08/2026 | 2 | 851.1 FER 1966 | 11997 | 03/05/2026 | 02/08/2026 | 02/08/2026 | C - 1 | Books |